000 00419nam a2200157Ia 4500
008 230711s9999||||xx |||||||||||||| ||und||
020 _a978-0-07-2236-0-07
041 _aENG
100 _aArfken,Gorge B
245 2 _aA comprehansive guide mathematical method for physicists
250 _a7th Ed.
260 _c2011
_aNew Delhi
_bButterworth-Heinemann Ltd
650 _aPhysics
700 _aWeber,Han J
942 _cBK
999 _c5469
_d5469